Análisis de redes hidráulicas en flujo no permanente, mediante el método de las características
Gespeichert in:
| 1. Verfasser: | |
|---|---|
| Format: | Buch |
| Veröffentlicht: |
[San José , Costa Rica]
1984
|
| Schlagworte: | |
| Tags: |
Tag hinzufügen
Keine Tags, Fügen Sie den ersten Tag hinzu!
|
MARC
| LEADER | 00000nam a2200000Ia 4500 | ||
|---|---|---|---|
| 003 | 002225 | ||
| 005 | 20221231144417.0 | ||
| 008 | 140114s1984 cr a m 000 ||s d | ||
| 040 | |c cru CEDI | ||
| 090 | |a TFG 1377 | ||
| 100 | |a Cubillo Zúñiga, Leonardo A |9 15227 | ||
| 245 | |a Análisis de redes hidráulicas en flujo no permanente, mediante el método de las características | ||
| 260 | |c 1984 |a [San José , Costa Rica] | ||
| 300 | |a 58, [29] hojas : ilustraciones ; 27 cm | ||
| 500 | |a A la cabeza de la portada. Informe del Proyecto Final para Graduación.-Universidad de Costa Rica. Facultad de Ingeniería. Escuela de Ingeniería Civil | ||
| 650 | |x PROGRAMACION (COMPUTADORAS ELECTRONICAS DIGITALES) |x SUMINISTRO DE AGUA - PROGRAMAS PARA COMPUTADORA |9 15228 | ||
| 942 | |c TFG |2 ddc | ||
| 999 | |c 21487 |d 21487 | ||
